| 000 | 00356nam a2200145Ia 4500 | ||
|---|---|---|---|
| 008 | 230917s9999||||xx |||||||||||||| ||und|| | ||
| 040 |
_e58417 _aMAIN |
||
| 041 | _aEnglish | ||
| 082 | _a657.48 R144F | ||
| 100 | _aRamachandran, H | ||
| 245 | 0 | _aFinancial planning and control | |
| 260 |
_aNew Delhi _bS Chand _c1972 |
||
| 300 | _ax, 529 p. | ||
| 942 | _cBK | ||
| 999 |
_c165122 _d165122 |
||